| 000 | 00875nas a2200301 4500 | ||
|---|---|---|---|
| 001 | BR0204149 | ||
| 003 | BR-BrBNA | ||
| 005 | 20231205103202.0 | ||
| 007 | ta | ||
| 008 | 230509b bl.|||p| |||| 00| 00por d | ||
| 040 |
_aBR-BrBNA _bpor _cBiblioteca Nacional de Agricultura |
||
| 041 | _a(Pt) | ||
| 072 | _aP35 | ||
| 100 | 1 | _aVeloso, J.L.M. | |
| 100 | 1 | _aSantana, C.J.L. de | |
| 245 | 1 | _aCobre residual em solos de plantações de cacau (Theobroma cacao L.) | |
| 650 | _aCACAU | ||
| 650 | _aSOLO | ||
| 650 | _aCOBRE | ||
| 650 | _aFUNGICIDA CÚPRICO | ||
| 650 | _aANÁLISE FÍSICA | ||
| 650 | _aANÁLISE QUÍMICA | ||
| 650 | _aFERTILIDADE DO SOLO | ||
| 773 | 0 |
_tAgrotrópica (Brazil) _xISSN 0103-3816 _g(May-Aug 2000), v. 12(2) p. 75-80 _wBR0204149 |
|
| 856 | 4 | 0 | _dLink DSPACE/MAPA BR0204149 |
| 909 |
_a202311 _bLúcia _c55 _dLúcia Elande |
||
| 942 |
_2AGRIS _n0 _cANA |
||
| 999 |
_c171546 _d171546 |
||